01004nam a2200229 a 4500001001000000005001700010008004100027020001800068041000800086044000700094050002000101100002900121245014700150260009800297300004200395500012500437500006300562600003800625650004100663651004600704700002400750BRCA_235320190320203754.0201008s2006----sp-a---###---#000-0#spa-# a9788493513290 aspa asp 4aE111b.C44 20061 aCheca Cremades, Fernando10aLa materia de los sueñosbCristóbal Colóncdirigido por Fernando Checa Cremades ; con contribuciones de A. Alonso Sagaseta ... [et al.]. aValladolidbJunta de Castilla y León : Sociedad Estatal de Conmemoraciones Culturalesc2006 a349 p.bil. (algunas a color)c30 cm. aCatálogo de la exposición realizada en el Museo Patio Herreriano (Valladolid), 16 noviembre, 2006 - 15 febrero, 2007 aIncluye piezas de la colección Franz Mayer: p. 260 y 30914aColón, Cristóbald1451–150614aExploradoresvBiografíazAmérica 4aAméricaxDescubrimiento y exploración1 aSagaseta, A. Alonso